00839 2200385 4500001002100000008004100021035002000062245003900082100002000121250000600141260003000147084001400177082000800191650001400199990001200213990001200225990001200237990001200249990001200261990001200273990001200285990001200297990001200309990001200321990001200333990001200345990001200357990001200369990001200381990001200393990001200405990001200417990001200429990001200441INLIS000000000001493 ind  a0010-1124000016 aAkuntansi Kelas XIcEndang Mulyadi aMulyadi, Endang a1 aBogor :bYudhistirac2006 a330 END a a330 aNon Fiksi a0715341 a0715342 a0715343 a0715344 a0715345 a0715346 a0715347 a0715348 a0715349 a0715350 a0715351 a0715352 a0715353 a0715354 a0715355 a0715356 a0715357 a0715358 a0715359 a0715360